| 000 | 01085nam a2200277 4500 | ||
|---|---|---|---|
| 001 | 190457 | ||
| 003 | ES-MaACL | ||
| 005 | 20240129115704.0 | ||
| 008 | 210330s2005 sp l001 0bspa | ||
| 020 | _a84-933956-2-5 | ||
| 080 | _a929 Valera, Juan | ||
| 100 | 1 |
_aAzaña, Manuel, _d1880-1940 _924223 |
|
| 245 | 1 | 0 |
_aVida de Don Juan Valera / _cManuel Azaña ; edición, estudio y notas de Antonio Martín Ezpeleta. |
| 260 |
_aCabra [Córdoba] : _bAyuntamiento de Cabra, Delegación de Cultura, _c2005. |
||
| 300 |
_a236 p. ; _c21 cm. |
||
| 490 | 1 |
_aAño Valera ; _v1 |
|
| 504 | _aBibliografía: p. 59-62. | ||
| 594 | _aEn port.: "Edición de un manuscrito inédito de Manuel Azaña" | ||
| 600 | 1 | 4 |
_aValera, Juan, _d1824-1905- _xBiografías _9112639 |
| 700 | 1 |
_aMartín Ezpeleta, Antonio. _9171161 |
|
| 830 | 1 |
_aAño Valera ; _v1 _9225887 |
|
| 852 | 4 |
_aES-MaACL _jA-14658 _9197634 _bR.152449 _cDEPO1 _dOlim: N-7658 _hDonación: Clara Herrera Tejada |
|
| 903 |
_963245 _aHerrera Tejada, Clara _ednr |
||
| 942 |
_2udc _cMONOGRAFIA |
||
| 999 |
_c190457 _d190457 |
||